Educar en la diversidad: estrategias de intervención
Saved in:
| Hovedforfatter: | |
|---|---|
| Format: | Bog |
| Sprog: | spansk |
| Udgivet: |
Madrid
CCS
1996
|
| Udgivelse: | 2a. ed |
| Serier: | Colección Educar, 4
|
| Fag: | |
| Tags: |
Tilføj Tag
Ingen Tags, Vær først til at tagge denne postø!
|
MARC
| LEADER | 00000nam a2200000 a 4500 | ||
|---|---|---|---|
| 001 | UCI1414 | ||
| 003 | CL-VaPUC | ||
| 008 | 070629e19960000SP |||||||||||||||||spa|d | ||
| 020 | |a 8470438573 | ||
| 082 | 0 | 4 | |a 370.15 |b GON |2 21 |
| 100 | 0 | |a González, Eugenio |e author |9 499362 | |
| 245 | 1 | 0 | |a Educar en la diversidad: estrategias de intervención |
| 250 | |a 2a. ed | ||
| 300 | |a 248 p | ||
| 942 | |c BK | ||
| 945 | |d 20070629 00:00:00 |a jtorresc | ||
| 260 | |a Madrid |b CCS |c 1996 | ||
| 650 | 0 | |a Educación |9 258661 | |
| 650 | 0 | |a Psicología educacional |9 307830 | |
| 650 | 0 | |a Docentes |9 311365 | |
| 650 | 7 | |a ESTRATEGIAS EDUCATIVAS |2 CL-VaPUC |9 406967 | |
| 583 | |a last modification |c 20070629 00:00:00 |k Rodrigo Vera | ||
| 490 | 0 | |a Colección Educar, 4 | |
| 999 | |c 326237 |d 326235 | ||
| 952 | |0 0 |1 0 |4 0 |6 370_150000000000000_GON_1996 |7 0 |8 A |9 408021 |a BIBEDU |b BIBEDU |d 2019-11-22 |i 4351886 |o 370.15 GON 1996 |p 4351886 |r 2019-11-22 |w 2019-11-22 |y BK |k EPE | ||